000
00277nam a22001217a 4500
082
_a
894.812
_b
THA/C
100
_a
Dr.G.THALIYAN
245
_a
CHRISTHUVINTE KERALA PARYADANAM
260
_a
KALADY
_b
Dr.G.THALIAN
_c
1996
300
_a
90
650
_a
SPIRITUAL
_z
KERALA
942
_c
BK
999
_c
1169
_d
1169